• 首页
  • 本馆介绍
  • 公告通知
  • 最新文献
  • 馆藏检索
  • 电子资源
  • 读者导购
  • 参考咨询
  • 我的图书馆
  • 登录
  • 详细信息显示
  • 放入我的书架
  • 预约/预借图书
  • 作者相关作品
  • 分类相关作品
  • 丛书相关作品
  • 出版社相关作品

书目信息

  • 表格格式
  • 工作单格式
  • 卡片格式
题名:
中国哲学史大纲
    
 
作者: 胡适 著
分册:  
出版信息: 北京   中国画报出版社  2014
页数: 336页
开本: 24cm
丛书名:
单 册:
中图分类: B21
科图分类:
主题词: 哲学史--Zhe Xue Shi--中国--古代
电子资源:
ISBN: 978-7-5146-0761-1
000 00859nam0 22002531 450
001 350681
005 20161011095829.31
010    @a978-7-5146-0761-1@dCNY36.00
100    @a20140814d2014 em y0chiy50 ea
101 0  @achi
102    @aCN@b110000
105    @ay z 000yy
106    @ar
200 1  @a中国哲学史大纲@AZhong Guo Zhe Xue Shi Da Gang@dThe outline of Chinese philosophy@f胡适著@zeng
210    @a北京@c中国画报出版社@d2014
215    @a336页@d24cm
330    @a本书分为十二篇,内容涉及中国哲学发生的时代、老子、孔子、孔门弟子、墨子、别墨、庄子、荀子以前的儒家、古代哲学之终局等。
500 10 @a中国哲学史大纲
510 1  @aOutline of Chinese philosophy@zeng
606 0  @a哲学史@AZhe Xue Shi@y中国@z古代
690    @aB21@v5
701  0 @a胡适@AHu Shi@f(1891~1962)@4著
801  0 @aCN@bTANGWEI@c20160808
905    @b0891250-4@dB21@e154@f5
    
    中国哲学史大纲=The outline of Chinese philosophy/胡适著.-北京:中国画报出版社,2014
    336页;24cm
    
    
    ISBN 978-7-5146-0761-1:CNY36.00
    本书分为十二篇,内容涉及中国哲学发生的时代、老子、孔子、孔门弟子、墨子、别墨、庄子、荀子以前的儒家、古代哲学之终局等。
●
相关链接 在E读中查询图书 在五车中查询图书 在当当中查询图书 在豆瓣中查询图书


正题名:中国哲学史大纲     索取号:B21/154         预约/预借

序号 登录号 条形码 馆藏地/架位号 状态 备注
1 0891250   208912505   第一样本阅览室/ [索取号:B21/154] 在馆    
2 0891251   208912514   第一借阅区/ [索取号:B21/154] 在馆    
3 0891252   208912523   第一借阅区/ [索取号:B21/154] 在馆    
4 0891253   208912532   第一借阅区/ [索取号:B21/154] 在馆    
5 0891254   208912541   第一借阅区/ [索取号:B21/154] 在馆    
唐山师范学院图书馆 欢迎您!
大连网信软件有限公司© 版权所有